Toán rời rạc cho kỹ thuật số

Guardat en:
Dades bibliogràfiques
Autor principal: NGUYỄN XUÂN QUỲNH
Format: Llibre
Idioma:Undetermined
Publicat: H. KHKT 2002
Matèries:
Etiquetes: Afegir etiqueta
Sense etiquetes, Sigues el primer a etiquetar aquest registre!
Thư viện lưu trữ: Trung tâm Học liệu Trường Đại học Cần Thơ
LEADER 00476nam a2200169Ia 4500
001 CTU_47601
008 210402s9999 xx 000 0 und d
082 |a 512.02 
082 |b Qu609 
100 |a NGUYỄN XUÂN QUỲNH 
245 0 |a Toán rời rạc cho kỹ thuật số 
245 0 |c NGUYỄN XUÂN QUỲNH 
260 |a H. 
260 |b KHKT 
260 |c 2002 
650 |a combinatorial analysis 
980 |a Trung tâm Học liệu Trường Đại học Cần Thơ